000
00313nam a2200133Ia 4500
008
150201s2010 xx 000 0 und d
082
_a
616.07
_b
Q10A
100
_a
M. ASHRAF
245
_a
QUESTIONS AND ANSWERS IN PATHOLOGY
250
_a
1ST
260
_b
CBS
_a
DELHI
_c
2010
650
_a
PATHOLOGY
942
_2
ddc
_c
BK
999
_c
905
_d
905